00601nam a2200253Ia 4500008004100000020001800041100000800059245001900067245000900086260001500095260002000110260000900130300001700139300001100156300001000167650005500177650001600232650001600248650001300264650001800277650002200295650002200317700000800339160803s9999 xx 000 0 und d a9780439283076 aAvi aCaptain Grey / cAvi. aNew York : bScholastic Inc. c1977 a141 pages :  bmap ;  c20 cm aNew Jersey -- History -- Revolution, 1775-1783 --  aNew Jersey. aPirates --  aPirates. aUnited States xJuvenile fiction. xJuvenile fiction. a840